000 00236nam a2200097Ia 4500
008 170620s9999 xx 000 0 und d
100 _aPandey- Ramshakal
245 0 _aPrinciples of Education
260 _bAgra- Vinod Pustak Mandir
260 _c2001
300 _a424
999 _c23558
_d23558